000 00602nam a22001937a 4500
999 _c150616
_d150616
005 20230703173034.0
010 _aENG-122434 ENG-137253
020 _c795.00
_a9788171395132
035 _aEN-105966 EN-120785
037 _bDBAD/PUB
082 _a371.4
100 _aShah,Alam
245 _aModern concept of guidance and counselling /
_cby Shah Alam
_b
260 _aNew Delhi
_bJnanada Prakashan (P&D)
_c2012
270 _bNew Delhi
_a4837/2, Ansari Road, Darya Ganj,
_e110002
300 _a326p.
_c22cm.(Hb)
_bill.
500 _aInclude index
942 _2ddc
_cEN
_mSHA
_h371.4